Wings of Fire characters by picture - Statistics

General Stats
  • This quiz has been taken 72 times
  • The average score is 11 of 16
Answer Stats
Picture Hint Answer % Correct
Introduced in book 1 Clay
88%
Introduced in book 5/6 Icicle
86%
Introduced in book 5 Thorn
86%
Introduced in book 1 Sunny
84%
Introduced in book 5 Winter
84%
Introduced in book 1 Dune
80%
Introduced in book 1 Starflight
80%
Introduced in book 1/2 Crocodile
79%
Introduced in book 7/14 Snowfall
79%
Introduced in book 11 Cricket
70%
Introduced in book 3 Deathbringer
70%
Introduced in book 11 Sundew
70%
Introduced in book 12 Bumblebee
66%
Introduced in book 11 Blue
57%
Introduced in book 5 Stonemover
36%
Introduced in book 14 Grayling
9%
No matching quizzes found
Score Distribution
Percent of People with Each Score
Percentile by Number Answered
Your Score History
You have not taken this quiz